Разработка чувствительного элемента кориолисового расходомера; Вестник науки Сибири; № 2 (8)

Bibliographische Detailangaben
Parent link:Вестник науки Сибири: электронный научный журнал/ Томский политехнический университет (ТПУ).— , 2011-.— 2226-0064
№ 2 (8).— 2013.— [С. 56-62]
1. Verfasser: Баландин Е. А. Евгений Александрович
Weitere Verfasser: Баландина Т. Н. Татьяна Николаевна
Zusammenfassung:Заглавие с титульного листа
В статье содержится информация о разработке чувствительного элемента кориолисового расходомера с прямой трубкой. Кориолисовые расходомеры имеют широкое применение в нефтегазовой, нефтехимической и других отраслях промышленности из-за их способности измерять массовый расход. Результатом данной работы явились расчеты параметров трубы расходомера и рабочие частоты.
Sprache:Russisch
Veröffentlicht: 2013
Schriftenreihe:Инженерные науки
Schlagworte:
Online-Zugang:http://earchive.tpu.ru/handle/11683/16401
Format: Elektronisch Buchkapitel
KOHA link:https://koha.lib.tpu.ru/cgi-bin/koha/opac-detail.pl?biblionumber=517673

MARC

LEADER 00000naa2a2200000 4500
001 517673
005 20231101105725.0
035 |a (RuTPU)RU\TPU\prd\195889 
035 |a RU\TPU\prd\195888 
090 |a 517673 
100 |a 20130918d2013 k y0rusy50 ca 
101 0 |a rus 
102 |a RU 
135 |a drnn ---uucaa 
181 0 |a i  
182 0 |a b 
200 1 |a Разработка чувствительного элемента кориолисового расходомера  |f Е. А. Баландин, Т. Н. Баландина 
203 |a Текст  |c электронный 
215 |a 1 файл (576 Кб) 
225 1 |a Инженерные науки 
230 |a Электронные текстовые данные (1 файл : 576 Кб) 
300 |a Заглавие с титульного листа 
320 |a [Библиогр.: с. 62 (5 назв.)] 
330 |a В статье содержится информация о разработке чувствительного элемента кориолисового расходомера с прямой трубкой. Кориолисовые расходомеры имеют широкое применение в нефтегазовой, нефтехимической и других отраслях промышленности из-за их способности измерять массовый расход. Результатом данной работы явились расчеты параметров трубы расходомера и рабочие частоты. 
337 |a Adobe Reader 
461 1 |0 (RuTPU)RU\TPU\prd\143680  |x 2226-0064  |t Вестник науки Сибири  |o электронный научный журнал  |f Томский политехнический университет (ТПУ)  |d 2011- 
463 1 |0 (RuTPU)RU\TPU\prd\195836  |t № 2 (8)  |v [С. 56-62]  |d 2013 
610 1 |a кариолисовые расходомеры 
610 1 |a расходомеры Кориолиса 
610 1 |a сила Кориолиса 
610 1 |a эффект Кориолиса 
610 1 |a топливо 
610 1 |a массовый расход 
610 1 |a чувствительные элементы 
610 1 |a разработка 
610 1 |a труды учёных ТПУ 
610 1 |a электронный ресурс 
700 1 |a Баландин  |b Е. А.  |g Евгений Александрович 
701 1 |a Баландина  |b Т. Н.  |g Татьяна Николаевна 
801 1 |a RU  |b 63413507  |c 20090623  |g PSBO 
801 2 |a RU  |b 63413507  |c 20180115  |g PSBO 
856 4 |u http://earchive.tpu.ru/handle/11683/16401 
942 |c BK